000 00582nam a22001817a 4500
999 _c16974
_d16974
003 AR-CdUCM
008 190506b ||||| |||| 00| 0 sap d
040 _aMUNICIPALIDAD PROVINCIAL DEL CUSCO
_cBIBLIOTECA MUNICIPAL DEL CUSCO
082 _a258.1 /
_bL62
100 _aLiendo Seminario, Oscar.
_96632
245 _aTaytanchis Qoyllu Ritti /
260 _aQosqo :
_bMunicipalidad provincial del Qosqo,
_c1995.
300 _a70 páginas ;
_c15 cm.
650 _aHistoria del Cusco.
_91714
650 _aMaravilla del mundo.
_924561
942 _2ddc
_cLIBROS
945 _arum
_d2019-05-06